000 00462nam a2200181Ia 4500
001 9057
005 20260306160655.0
008 260306t2018||||xx |||||||||||||| ||spa||
041 _aESP
082 _a372.47
_bC28
100 _aCaro Valverde, María Teresa
_eAUT
245 0 _aDidáctica de la argumentación en el comentario de textos
260 _c2018
300 _a202 páginas :
_c23 cm.
650 _aGEN
654 _aCED
942 _cLIB
_dJUS
_fJUS
_2ddc
_n
999 _c9057
_d9057